Informácia v informačnom veku

Pojem informácia v bežnom a vedeckom jazyku. K histórii pojmu informácie. Pojem informácie v teórii žurnalistiky. Pojem informácie v širšom vedeckom jazyku .

Na minha lista:
Detalhes bibliográficos
Autor principal: Špirko, Dušan
Formato: Capítulo de Livro
Idioma:eslovaco
Assuntos:
Tags: Adicionar Tag
Sem tags, seja o primeiro a adicionar uma tag!

MARC

LEADER 00000nla a2200000 4500
001 0214227
005 20240417075105.4
041 0 |a slo 
044 |a CZ 
245 1 0 |a Informácia v informačnom veku  |c Dušan Špirko 
520 |a Pojem informácia v bežnom a vedeckom jazyku. K histórii pojmu informácie. Pojem informácie v teórii žurnalistiky. Pojem informácie v širšom vedeckom jazyku . 
610 2 0 |a informácie 
610 2 0 |a informácie ekonomické 
610 2 0 |a informácie vedecké 
610 2 0 |a žurnalistika 
610 2 0 |a pojmy 
100 1 |a Špirko, Dušan